Preparing to teach the Bible. (Record no. 7401)

MARC details
000 -LEADER
fixed length control field 00693cam a22002531 4500
001 - CONTROL NUMBER
control field 7482215
003 - CONTROL NUMBER IDENTIFIER
control field GBCCL
005 - DATE AND TIME OF LATEST TRANSACTION
control field 20241126110627.0
008 - FIXED-LENGTH DATA ELEMENTS--GENERAL INFORMATION
fixed length control field 780214s1959 tnu 000 0 eng
010 ## -
-- 59009969
035 ## - SYSTEM CONTROL NUMBER
System control number (OCoLC)3636619
040 ## - CATALOGING SOURCE
Original cataloging agency DLC
Transcribing agency TxAbH
Modifying agency DLC
042 ## -
-- premarc
050 00 -
-- BS600.2
-- .C6
082 ## - DEWEY DECIMAL CLASSIFICATION NUMBER
Classification number 220.07
Item number COL
100 1# - MAIN ENTRY--PERSONAL NAME
Personal name Colson, Howard P.,
Dates associated with a name 1910-
9 (RLIN) 5973
245 10 - TITLE STATEMENT
Title Preparing to teach the Bible.
260 ## - PUBLICATION, DISTRIBUTION, ETC.
Place of publication, distribution, etc. Nashville,
Name of publisher, distributor, etc. Convention Press
Date of publication, distribution, etc. [c1959]
300 ## - PHYSICAL DESCRIPTION
Extent 148 p.
Dimensions 21 cm.
504 ## - BIBLIOGRAPHY, ETC. NOTE
Bibliography, etc. note Includes bibliography.
630 00 - SUBJECT ADDED ENTRY--UNIFORM TITLE
Uniform title Bible
General subdivision Study and teaching.
9 (RLIN) 498
906 ## - LOCAL DATA ELEMENT F, LDF (RLIN)
a 7
b cbc
c oclcrpl
d u
e ncip
f 19
g y-gencatlg
942 ## - ADDED ENTRY ELEMENTS (KOHA)
Source of classification or shelving scheme Dewey Decimal Classification
Koha item type Books
Holdings
Withdrawn status Lost status Source of classification or shelving scheme Damaged status Not for loan Home library Current Library Shelving location Date acquired Total checkouts Full call number Barcode Date last seen Copy number Price effective from Koha item type
    Dewey Decimal Classification     GRACE BIBLE COLLEGE GRACE BIBLE COLLEGE Biblical Studies 2018-08-06   220.07 COL 002396 2025-05-01 c.1 2018-08-06 Books
© Grace Bible College Library 2025